Southville International School and Colleges
Your cart is empty.
  • Cart
  • Lists
    Public lists Eva Luna New books Lux_list list_1
    Your lists Log in to create your own lists
  • Log in to your account
  • Your cookies
  • Search history
Southville International School and Colleges
  • Advanced search
  • Recent comments
  • Most popular
  • Libraries

Log in to your account

Log in with GOOGLE


If you do not have an external account, but do have a local account, you can still log in:

  1. Home
  2. MARC view: The Odyssey :
Normal view MARC view ISBD view

The Odyssey : (Record no. 20910)

[ view plain ]
MARC details
000 -LEADER
fixed length control field 00515nam a2200181 a 4500
005 - DATE AND TIME OF LATEST TRANSACTION
control field 20140310183259.0
008 - FIXED-LENGTH DATA ELEMENTS--GENERAL INFORMATION
fixed length control field 970101s19uu xx 00 eng d
020 ## - INTERNATIONAL STANDARD BOOK NUMBER
International Standard Book Number 0451628055
050 ## - LIBRARY OF CONGRESS CALL NUMBER
Classification number BL 820.O3
Item number .H766 1937
100 ## - MAIN ENTRY--PERSONAL NAME
Personal name Homer
245 ## - TITLE STATEMENT
Title The Odyssey :
Statement of responsibility, etc Homer ; translated by W. H. D. Rouse.
Remainder of title the story of the Odyseus /
260 ## - PUBLICATION, DISTRIBUTION, ETC. (IMPRINT)
Place of publication, distribution, etc New York :
Name of publisher, distributor, etc Penguin Group,
Date of publication, distribution, etc 1937.
300 ## - PHYSICAL DESCRIPTION
Extent 304 p. :
Dimensions 17 cm.
500 ## - GENERAL NOTE
General note "A Mentor Book"
650 ## - SUBJECT ADDED ENTRY--TOPICAL TERM
Topical term or geographic name as entry element Homer. Odyssey.
942 ## - ADDED ENTRY ELEMENTS (KOHA)
Koha item type Books
Source of classification or shelving scheme Library of Congress Classification
Holdings
Withdrawn status Lost status Source of classification or shelving scheme Damaged status Home library Current library Shelving location Date acquired Source of acquisition Cost, normal purchase price Total Checkouts Total Renewals Full call number Barcode Date last seen Date checked out Copy number Price effective from Koha item type
    Library of Congress Classification   College Library College Library Fiction Section 11/19/2004   175.00 2   BL 820.O3 .H766 1937 C5660 05/08/2018 09/05/2014 1 10/10/2013 Books

The Odyssey :

APA

Homer, . (1937). The Odyssey. New York: Penguin Group.

Chicago

Homer, . 1937. The Odyssey. New York: Penguin Group.

Harvard

Homer, . (1937). The Odyssey. New York: Penguin Group.

MLA

Homer, . The Odyssey. New York: Penguin Group. 1937.

  • Place hold
  • Print
  • Cite
  • Add to your cart (remove)
  • Save record
    BIBTEX Dublin Core MARCXML MARC (non-Unicode/MARC-8) MARC (Unicode/UTF-8) MARC (Unicode/UTF-8, Standard) MODS (XML) RIS
  • More searches
    Search for this title in:
    Other Libraries (WorldCat) Other Databases (Google Scholar) Online Stores (Bookfinder.com) Open Library (openlibrary.org)

Exporting to Dublin Core...

SOUTHVILLE LIBRARY

Southville International School and Colleges Library

1281 Tropical Ave. Cor. Luxembourg St., BF Homes International, Las Pinas City

Tel. No. 8256374 / 252358 Loc. 117/146

Powered by Koha